000 00341nam a2200157Ia 4500
008 100204s9999 xx 000 0 und d
082 _b29284
100 _aतिबिले अनंत
245 _aधडक
250 _a0
260 _c2009
300 _a224
630 _aधडक
730 _aधडक
942 _cBOOK
999 _c474554
_d474551